Zachowania i zwyczaje konsumentów / (Rekord nr 55204)
| 000 -ETYKIETA REKORDU | |
|---|---|
| podpole kontrolne o stałej długości | 01923nam a2200577 i 4500 |
| 001 - NUMER KONTROLNY REKORDU | |
| pole kontrolne | 55204 |
| 003 - IDENTYFIKATOR NUMERU KONTROLNEGO REKORDU | |
| podpole kontrolne | KOSZ 005 |
| 005 - DATA OSTATNIEJ MODYFIKACJI REKORDU | |
| podpole kontrolne | 20250813063409.0 |
| 008 - POLE O STAŁEJ DŁUGOŚCI - DANE KONTROLNE | |
| podpole kontrolne o stałej długości | 070202s2006 pl a f f |001 0 pol |
| 015 ## - NUMER BIBLIOGRAFII NARODOWEJ | |
| Numer bibliografii narodowej | UWD 2007/2993 |
| 020 ## - MIĘDZYNARODOWY ZNORMALIZOWANY NUMER KSIĄŻKI - ISBN | |
| ISBN | 8324600590 |
| 035 ## - NUMER SYSTEMOWY | |
| Numer systemowy przejętego rekordu | 991032931159705066 |
| 035 ## - NUMER SYSTEMOWY | |
| Numer systemowy przejętego rekordu | (PL-WaBN)b18827767-48omnis_nlop |
| 035 ## - NUMER SYSTEMOWY | |
| Numer systemowy przejętego rekordu | b18827767 |
| 035 ## - NUMER SYSTEMOWY | |
| Numer systemowy przejętego rekordu | (OCoLC)749149024 |
| 035 ## - NUMER SYSTEMOWY | |
| Numer systemowy przejętego rekordu | zz2006836494 |
| 035 ## - NUMER SYSTEMOWY | |
| Numer systemowy przejętego rekordu | (PL)b0000001882776 |
| 035 ## - NUMER SYSTEMOWY | |
| Numer systemowy przejętego rekordu | (EXLNZ-48OMNIS_NETWORK)9910012583705606 |
| 040 ## - ŹRÓDŁO KATALOGOWANIA | |
| Instytucja, która sporządziła opis | WA N |
| Instytucja, która utworzyła rekord | WA N |
| Instytucja, która dokonała modyfikacji | LUBL KUL |
| -- | KOSZ 005/HR |
| 041 1# - KOD JĘZYKA | |
| Kod języka tekstu | pol |
| Kod języka oryginału | eng |
| 046 ## - DATY KODOWANE | |
| Pojedyncza data lub początek okresu powstania dzieła lub zbioru dzieł | 2004 |
| 080 ## - UNIWERSALNA KLASYFIKACJA DZIESIĘTNA - UKD | |
| UKD | 366.1 |
| 080 ## - UNIWERSALNA KLASYFIKACJA DZIESIĘTNA - UKD | |
| UKD | 339.138 |
| 080 ## - UNIWERSALNA KLASYFIKACJA DZIESIĘTNA - UKD | |
| UKD | 659.1 |
| 100 1# - NAZWA OSOBOWA | |
| Nazwa osobowa | Solomon, Michael R. |
| Daty związane z nazwą | (1956- ) |
| Określenie rodzaju współpracy | Autor |
| 245 10 - TYTUŁ/ODPOWIEDZIALNOŚĆ | |
| Tytuł | Zachowania i zwyczaje konsumentów / |
| Pozostałe elementy strefy tytułu i oznaczenia odpowiedzialności | Michael R. Solomon ; [tł. Agnieszka Kasoń-Opitek, Joanna Sugiero, Bartosz Sałbut]. |
| 246 1# - WARIANT TYTUŁU | |
| Treść wyrażenia wprowadzającego | Tyt. oryg.: |
| Tytuł | Consumer behavior, |
| Numeracja zeszytu | 2004 |
| 260 ## - STREFA ADRESU WYDAWNICZEGO | |
| Miejsce wydania | Gliwice : |
| Nazwa wydawcy/dystrybutora | Wydawnictwo Helion, |
| Data publikacji, dystrybucji/powstania dokumentu | cop. 2006. |
| 300 ## - STREFA OPISU FIZYCZNEGO | |
| Objętość | 639 s. : |
| Inne cechy fizyczne | il. kolor. ; |
| Rozmiary | 29 cm. |
| 336 ## - TYP ZAWARTOŚCI | |
| Termin opisujący typ zawartości | Tekst |
| Kod określający zawartość | txt |
| Źródło (terminu i kodu) | rdacontent |
| 337 ## - TYP MEDIÓW | |
| Tryb odtwarzania | Bez urządzenia pośredniczącego |
| Kod typu mediów | n |
| Źródło (terminu i kodu) | rdamedia |
| 338 ## - TYP/RODZAJ NOŚNIKA | |
| Hasło opisujące typ nośnika | Wolumin |
| Kod typu nośnika | nc |
| Źródło (terminu i kodu) | rdacarrier |
| 380 ## - FORMA I TYP PUBLIKACJI | |
| Forma i typ publikacji | Książki |
| 388 ## - CZAS POWSTANIA | |
| Czas powstania | 2001- |
| 490 1# - STREFA SERII I DOKUMENTU WIELOCZĘŚCIOWEGO - FORMA NIE DO WYSZUKIWANIA | |
| Tytuł i oznaczenie odpowiedzialności serii | Onepress Exclusive |
| 500 ## - UWAGI OGÓLNE | |
| Tekst uwagi | Wyd. 6 dotyczy oryg. |
| 504 ## - UWAGA DOTYCZĄCA BIBLIOGRAFII | |
| Informacje o bibliografii | Indeks. |
| 650 #7 - HASŁO PRZEDMIOTOWE W FORMIE NAZWY OGÓLNEJ LUB JEDNOSTKOWEJ | |
| Nazwa ogólna lub geograficzna | Konsumenci (ekonomia) |
| Źródło hasła lub terminu | DBN |
| 650 #7 - HASŁO PRZEDMIOTOWE W FORMIE NAZWY OGÓLNEJ LUB JEDNOSTKOWEJ | |
| Nazwa ogólna lub geograficzna | Nawyki konsumenckie |
| 650 #7 - HASŁO PRZEDMIOTOWE W FORMIE NAZWY OGÓLNEJ LUB JEDNOSTKOWEJ | |
| Nazwa ogólna lub geograficzna | Marketing |
| Źródło hasła lub terminu | DBN |
| 650 #7 - HASŁO PRZEDMIOTOWE W FORMIE NAZWY OGÓLNEJ LUB JEDNOSTKOWEJ | |
| Nazwa ogólna lub geograficzna | Reklama |
| Źródło hasła lub terminu | DBN |
| 658 ## - TERMIN INDEKSOWY - PRZEDMIOT PROGRAMU NAUCZANIA | |
| Główny przedmiot programu nauczania | Zarządzanie i marketing |
| 700 1# - HASŁO DODATKOWE - NAZWA OSOBOWA | |
| Nazwa osobowa | Kasoń-Opitek, Agnieszka |
| Określenie związku między hasłem a opisywanym materiałem | Tłumaczenie |
| 700 1# - HASŁO DODATKOWE - NAZWA OSOBOWA | |
| Nazwa osobowa | Sałbut, Bartosz |
| Określenie związku między hasłem a opisywanym materiałem | Tłumaczenie |
| 700 1# - HASŁO DODATKOWE - NAZWA OSOBOWA | |
| Nazwa osobowa | Sugiero, Joanna |
| Określenie związku między hasłem a opisywanym materiałem | Tłumaczenie |
| 710 2# - HASŁO DODATKOWE - NAZWA CIAŁA ZBIOROWEGO | |
| Nazwa ciała zbiorowego lub jednostki geograficznej | Helion |
| Kod określenia powiązania | pbl |
| 830 #0 - HASŁO DODATKOWE SERII LUB DOKUMENTU WIELOCZĘŚCIOWEGO - TYTUŁ UJEDNOLICONY | |
| Tytuł ujednolicony | Exclusive (Onepress) |
| 856 ## - LOKALIZACJA I DOSTĘP DO ELEKTRONICZNYCH DOKUMENTÓW ZDALNYCH | |
| Link (URL) | http://koha.tu.koszalin.pl/cgi-bin/koha/opac-detail.pl?biblionumber=55204 |
| Tekst linku | Katalog online BPK |
| 942 ## - DODATKOWE ELEMENTY (KOHA) | |
| Schemat klasyfikacji | Uniwersalna Klasyfikacja Dziesiętna |
| Typ dokumentu | Książka |
| Wycofany | Status egzemplarza | Uszkodzony | Dostępność | Lokalizacja stała | Lokalizacja bieżąca | Miejsce przechowywania | Sygnatura | Kod kreskowy | Dział | Typ dokumentu |
|---|---|---|---|---|---|---|---|---|---|---|
| Tylko na miejscu | Biblioteka Politechniki Koszalińskiej | Biblioteka Politechniki Koszalińskiej | Czytelnia BG | 88027 | 02423548 | 339.138 Marketing | Książka | |||
| Tylko na miejscu | Biblioteka Politechniki Koszalińskiej | Biblioteka Politechniki Koszalińskiej | Czytelnia Wydziałowa ul. Kwiatkowskiego 6e | 88028 | 02423531 | 339.13 Analiza rynku. Marketing | Książka |
